00828 2200301 4500001002100000005001500021035002000036007000300056008004100059040002200100082001400122084001600136090001800152100003600170245005700206250002900263300002400292650001800316850001200334041000800346264003700354336002100391337003000412338002300442546002400465246002600489990001100515INLIS00000000084984220210830025825 a0010-0719000843ta190724s1952 jki g m | d aYOPDYOGbinderda04223a784.9 a784.9 HAR p aL 784.9 HAR p1 aHardjowirogo,cRadenepengarang1 aPatokaning Njekaraken /cpenulis, Raden Hardjowirogo aCetakan yang kedua, 1952 a70 halaman ;c22 cm 4aNyanyian Jawa aYOPDYOG0 ajav3 aDjakarta :bBalai Pustaka,c1952 2rdacontentateks 2rdamediaatanpa perantara 2rdacarrieravolume aTeks berbahasa Jawa aPatokaning nyekaraken a5936-A